| 000 | 00591nam a2200217Ia 4500 | ||
|---|---|---|---|
| 003 | OSt | ||
| 005 | 20230321105744.0 | ||
| 008 | 210423s1994 xx 000 0 und d | ||
| 020 | _a8123909756 | ||
| 040 | _cAL | ||
| 041 | _aeng | ||
| 082 |
_a547 _223 _bINGC |
||
| 100 |
_aINGOLD (C K). _951399 |
||
| 245 | _aStructure and mechanism in organic chemistry. | ||
| 260 |
_aNew Delhi _bCambridge University Press _c1994 |
||
| 300 |
_axii,1266 _bPB |
||
| 365 |
_b425 _cINR |
||
| 650 |
_aOrganic Chemistry _951400 |
||
| 906 | _achemistry. ; mechanism ; organic ; Structure | ||
| 942 |
_2ddc _cBK |
||
| 999 |
_c153837 _d153837 |
||